Flagi państw wyspiarskich - Statystyki

Ogólne statystyki
  • Ten quiz został rozwiązany 31 razy
    28 od ostatniego zresetowania
  • Średni wynik to 36 z 47
Statystyki odpowiedzi
Obrazkowy Odpowiedź % Poprawnych
Cypr
95%
Irlandia
95%
Jamajka
95%
Japonia
95%
Dominika
91%
Filipiny
91%
Haiti
91%
Indonezja
91%
Islandia
91%
Malta
91%
Wielka brytania
91%
Bahrajn
86%
Kuba
86%
Madagaskar
86%
Bahamy
82%
Barbados
82%
Dominikana
82%
Nowa zelandia
82%
Republika zielonego przylądka
82%
Sri lanka
82%
Antigua i barbuda
77%
Brunei
77%
Papua nowa gwinea
77%
Trynidad i tobago
77%
Fidżi
73%
Saint lucia
73%
Seszele
73%
Singapur
73%
Grenada
68%
Kiribati
68%
Malediwy
68%
Samoa
68%
Timor wschodni
68%
Tonga
68%
Wyspy marshalla
68%
Wyspy salomona
68%
Wyspy świetego tomasza i książęca
68%
Komory
64%
Mauritius
64%
Mikronezja
64%
Nauru
64%
Palau
64%
Saint vincent i grenadyny
64%
Tajwan
64%
Tuvalu
64%
Vanuatu
64%
Saint kitts i nevis
59%
Nie znaleziono quizów pasujących do podanych kryteriów
Rozkład punktacji
Procent ludzi z każdym wynikiem
Percentyl według liczby udzielonych odpowiedzi
Twoja historia wyników
Nie rozwiązałeś tego quizu od ostatniego zresetowania